Score 0/30 Timer 01:30
6 Plays Today
% Correct
Quarterback
72.3%
Quebec
72.1%
Quarter
71.8%
Queen
71.7%
Quesadilla
70.2%
Queens
70.1%
Quarter Pounder
70.1%
Quill
69.7%
Quidditch
69.3%
Question Mark
68.9%
Quack
68.7%
Qatar
67.3%
Quadriceps
66.1%
Quart
64.5%
Quartz
62.8%
% Correct
Qantas
61.2%
Quail
57.2%
Quakers
54.8%
Quiznos
54.1%
Q
46.6%
Quizzically
39.2%
Quadrophenia
38.8%
Quisp
38.8%
QuickTime
38.2%
Quito
38.1%
Q*bert
36.2%
Qdoba
35.8%
Quigley
31%
Quimby
27%
Quint
26.9%
Remove Ads.
Support Sporcle.
Get the best of Sporcle when you Go Orange. This ad-free experience offers more features, more stats, and more fun while also helping to support Sporcle. Thank you for becoming a member.

You're not logged in!

Compare scores with friends on all Sporcle quizzes.
OR
Log In

Show Comments

Extras

Created Aug 6, 2019ReportNominate
Tags:Blitz Quiz, Letter Q

Top Quizzes Today


Score Distribution

Your Account Isn't Verified!

In order to create a playlist on Sporcle, you need to verify the email address you used during registration. Go to your Sporcle Settings to finish the process.

Report this User

Report this user for behavior that violates our Community Guidelines.

Details: